Anstey's party walls and what to do with them (Record no. 103710)

MARC details
000 -LEADER
fixed length control field 01392cam a2200277 4500
001 - CONTROL NUMBER
control field ##L127157
008 - FIXED-LENGTH DATA ELEMENTS--GENERAL INFORMATION
fixed length control field #DATE n2005 000 0 eng u
020 ## - INTERNATIONAL STANDARD BOOK NUMBER
International Standard Book Number 1842192019
035 ## - SYSTEM CONTROL NUMBER
System control number (Sirsi) u127157
041 0# - LANGUAGE CODE
Language code of text/sound track or separate title eng
050 04 - LIBRARY OF CONGRESS CALL NUMBER
Classification number 692.2
-- 18
100 1# - MAIN ENTRY--PERSONAL NAME
Personal name Anstey, John
245 00 - TITLE STATEMENT
Title Anstey's party walls and what to do with them
250 ## - EDITION STATEMENT
Edition statement 6th ed.
260 3# - PUBLICATION, DISTRIBUTION, ETC.
Place of publication, distribution, etc. London
Name of publisher, distributor, etc. RICS
Date of publication, distribution, etc. 2005
300 ## - PHYSICAL DESCRIPTION
Extent xi, 191p.
Dimensions 21cm.
350 ## - PRICE (NR) (BK AM CF MU VM SE) [OBSOLETE]
Price 22.50
520 ## - SUMMARY, ETC.
Summary, etc. The sixth edition of a classic practical text covers the definition of a party wall and the appointment, roles and duties of surveyors and owners under the Party Wall etc. Act 1996. Considers serving notices, preparing and agreeing of awards and payment of fees. Discusses changes of ownership of party walls, appeals and their consequences and looks at the leading party wall cases. The book throws light on those all-important grey areas where the law is unclear and even experts disagree. The commentary, examples and legal points have been brought completely up to date. Select bibliography and website list. Supersedes fifth edition 0854069070.
590 ## - LOCAL NOTE (RLIN)
Local note IKA290405
650 24 - SUBJECT ADDED ENTRY--TOPICAL TERM
Topical term or geographic name entry element PARTY WALL ETC ACT 1996
690 ## - LOCAL SUBJECT ADDED ENTRY--TOPICAL TERM (OCLC, RLIN)
Topical term or geographic name as entry element PROPERTY-PROPERTY MANAGEMENT-EASEMENTS-PARTY WALL SURVEYING-PARTY WALLS
700 1# - ADDED ENTRY--PERSONAL NAME
Personal name North, Graham
710 2# - ADDED ENTRY--CORPORATE NAME
Corporate name or jurisdiction name as entry element Royal Institution of Chartered Surveyors
9 (RLIN) 4900
942 ## - ADDED ENTRY ELEMENTS (KOHA)
Suppress in OPAC 0
Holdings
Withdrawn status Lost status Source of classification or shelving scheme Damaged status Not for loan Home library Current library Shelving location Date acquired Total Checkouts Full call number Barcode Date last seen Copy number Price effective from Koha item type Date last checked out
    Dewey Decimal Classification     London London Books 22/04/2005   692.2 ANS 30070034 06/08/2019 2 06/08/2019 Reference material  
    Dewey Decimal Classification     London London Books 04/08/2006 17 692.2 ANS 30073180 06/08/2019 5 06/08/2019 Book 05/03/2010
    Dewey Decimal Classification     London London RICS Boxes 02/11/2007   2005/4 30070033 06/08/2019 1 06/08/2019 Archive